000 00859nam a22002177a 4500
005 20140915120311.0
008 150914n ck ad gr o00010 spa d
020 _a9789806810457
041 _aspa
044 _ack
082 0 4 _a628.53
_bB67p
110 1 _aBogotá (Colombia).
_bAlcaldía Mayor
_926964
245 1 0 _aPlan Decenal de Descontaminación del Aire para Bogotá
_bGloria Maribel Torres Ramírez, editora
260 _a[Bogotá?]
_bAlcaldia Mayor de Bogotá D.C.,
_c[fecha no identificada]
300 _a323 p.
_bil., gráficas ;
_c30 cm.
504 _aIncluye referencias bibliográficas (pag. 291-294)
650 4 _aContaminación del aire
_z Bogotá (Colombia)
_926965
650 4 _aContaminación del aire
_x Control
_z Bogotá (Colombia)
_v Programas.
_926966
650 4 _aControl ambiental
_z Bogotá (Colombia)
_926967
942 _2ddc
_cLIBRO
999 _c8706
_d8706